000 00796nam a2200277 i 4500
003 DO-SdBNP
005 20250609143647.0
007 ta
008 250609b1976 dr ||||| |||| 00| 0 spa d
040 _aDO-SdBNP
_bspa
_cBNPHU
_erda
082 4 _axxx
_bR426L, 1976
_222
110 1 _aRepública Dominicana
_9447
240 1 0 _a[Leyes, etc.]
245 1 0 _aLeyes y resoluciones años: 1940-1976
246 1 3 _aÍndice numérico reseñado
264 1 _aSanto Domingo :
_bSecretaría de Estado de Finanzas,,
_c1976.
300 _a641 p.áginas ;
_c28 cm.
336 _atexto
_btxt
_2rdacontent
337 _asin mediación
_bn
_2rdamedia
338 _avolumen
_bnc
_2rdacarrier
590 _aInventariado, 2025/BT
610 _916035
650 _97935
910 _aBtavárez
942 _2ddc
_cLBS1
999 _c59182
_d59182